000 00392nam a2200145 4500
001 4386
005 20181127173313.0
020 0 0 _a97899993685401
090 0 0 _a915.4 B9329b 2012
100 0 0 _aBukht, Afroze
245 0 0 _aBeyond the silk route :
_bTravels of a Bhutanese prince /
_cAfroze Bukht.
_h
260 0 0 _aKolkata :
_bRumana Bukht,
_c2014.
300 0 0 _a201 p. ; 30 cm.
650 0 0 _aTravel.
_x
999 _c3627
_d3627